Vanhimmaksi eläneet lintulajit Suomessa - Statistics

Yleistilastot
  • Tätä visaa on pelattu 98 kertaa
  • Keskiarvotulos 23 / 34
Vastaustilastot
Hint Vastaus % Oikein
34 v 9 kk 2 pv Maakotka
98%
35 v 0 kk 2 pv Merikotka
98%
33 v 0 kk 11 pv Kalalokki
94%
20 v 5 kk 8 pv Laulujoutsen
92%
30 v 8 kk 24 pv Naurulokki
92%
35 v 0 kk 17 pv Harmaalokki
90%
27 v 11 kk 23 pv Huuhkaja
88%
25 v 4 kk 1 pv Kyhmyjoutsen
86%
32 v 9 kk 21 pv Merilokki
85%
26 v 0 kk 10 pv Hiirihaukka
80%
32 v 1 kk 22 pv Selkälokki
80%
23 v 10 kk 13 pv Viirupöllö
76%
33 v 7 kk 27 pv Kalatiira
75%
28 v 10 kk 23 pv Lapintiira
74%
20 v 0 kk 5 pv Lapinpöllö
69%
22 v 5 kk 6 pv Lehtopöllö
69%
24 v 11 kk 9 pv Korppi
68%
26 v 11 kk 19 pv Kalasääski
67%
21 v 6 kk 18 pv Muuttohaukka
65%
20 v 1 kk 6 pv Pikkulokki
62%
35 v 11 kk 5 pv Merikihu
61%
33 v 11 kk 8 pv Ruokki
61%
34 v 11 kk 12 pv Etelänkiisla
60%
29 v 11 kk 29 pv Kuovi
60%
25 v 11 kk 29 pv Riskilä
60%
28 v 7 kk 9 pv Haahka
55%
20 v 10 kk 12 pv Merimetso
52%
30 v 10 kk 3 pv Räyskä
50%
20 v 0 kk 27 pv Mehiläishaukka
48%
23 v 0 kk 23 pv Valkoposkihanhi
46%
29 v 10 kk 15 pv Meriharakka
42%
20 v 6 kk 23 pv Pilkkasiipi
31%
20 v 0 kk 27 pv Tervapääsky
15%
21 v 2 kk 1 pv Pähkinähakki
11%
Ehtoja vastaavia visoja ei löytynyt
Tulosjakauma
Jokaisen tuloksen saaneiden osuus
Persentiili vastausten määrän mukaan
Tuloshistoriasi
Et ole pelannut tätä visaa